30 Most Famous Cities in Bosnia and Herzegovina on a Map - Statistics

General Stats
  • This quiz has been taken 192 times
  • The average score is 18 of 32
Answers on the Map
Answers color-coded by a green-red scale on the quiz's map according to % correct below.
 
Answer Stats
Wiki Monthly Views Cityquiz Mention Rate Population Answers % Correct
169.96K 41.50% 348.36K Sarajevo
99%
49.87K 7.50% 135.06K Banja Luka
95%
59.26K 8.39% 60.20K Mostar
93%
26.10K 3.88% 74.46K Tuzla
83%
15.86K 2.50% 70.55K Zenica
77%
12.65K 1.71% 39.89K Brčko
75%
15.34K 1.85% 39.69K Bihać
72%
25.79K 2.14% 3.01K Neum
70%
14.58K 1.05% 41.12K Bijeljina
62%
34.90K 2.43% 2.24K Srebrenica
61%
11.58K 0.76% 15.34K Travnik
60%
10.53K 0.93% 24.35K Doboj
59%
11.43K 0.87% 27.97K Prijedor
59%
17.59K 1.07% 22.99K Trebinje
57%
12.05K 1.01% 7.17K Jajce
55%
10.46K 0.22% 7.93K Livno
53%
12.84K 1.64% 5.20K Višegrad
51%
8.74K 0.55% 10.83K Foča
50%
7.08K 0.41% 11.81K Goražde
50%
7.30K 0.42% 10.73K Konjic
48%
7.13K 0.89% 16.91K Sanski Most
46%
7.41K 0.53% 5.59K Tomislavgrad
46%
7.49K 0.62% 11.08K Zvornik
46%
6.68K 0.46% 13.69K Gradiška
44%
6.55K 0.55% 11.21K Visoko
44%
6.27K 0.25% 5.77K Čapljina
41%
6.07K 0.36% 6.15K Široki Brijeg
41%
7.11K 0.43% 15.55K Bugojno
37%
8.64K 0.21% 16.16K Živinice
35%
6.33K 0.20% 3.82K Stolac
33%
6.39K 0.31% 11.08K Derventa
32%
52.96K - 2.27K Medjugorje
30%
No matching quizzes found
Score Distribution
Percent of People with Each Score
Percentile by Number Answered
Your Score History
You have not taken this quiz